000 00338nam a2200145Ia 4500
008 230718s9999 xx 000 0 und d
041 _aEng.
082 _a346.8481
_bKHA-G
100 _aKhan, Ahmed
245 0 _aGuardian and words Act
260 _aPakistan
_bMansoor Book House
_c2016
300 _a159
650 _aLaw
999 _c31883
_d31883